[Event "Andujar op"]
[Site "Andujar"]
[Date "2025.07.01"]
[Round "7"]
[White "Krivenko, Dion"]
[Black "Larino Nieto, David"]
[Result "0-1"]
[WhiteElo "2243"]
[BlackElo "2472"]
[PlyCount "66"]
[EventDate "2025.06.27"]
[EventType "swiss"]
[EventRounds "9"]
[EventCountry "ESP"]
[SourceTitle "CB28_2025"]
[SourceDate "2025.07.09"]
[SourceVersion "1"]
[SourceVersionDate "2025.07.09"]
[SourceQuality "1"]

1. e4 e5 2. Bc4 d6 3. Nf3 Nc6 4. d4 exd4 5. Nxd4 Nf6 6. 0-0 Ne5 7. Bb3 c5 8. Nf3 Bg4 9. Bf4 Nxf3+ 10. gxf3 Be6 11. Nc3 Be7 12. Qe2 g5 13. Bxd6 Bxd6 14. e5 Bc7 15. Bxe6 fxe6 16. exf6 Qd6 17. Qb5+ Kf7 18. Rfd1 Qxh2+ 19. Kf1 Kxf6 20. Qxc5 Kg6 21. Ne4 h6 22. Qe7 Qh3+ 23. Ke2 Raf8 24. Rd3 Rf7 25. Qa3 Rhf8 26. Rg1 Rf4 27. Qc5 Qh2 28. Rxg5+ hxg5 29. Qxg5+ Kh7 30. Qe7+ Kh8 31. Rd7 Rxe4+ 32. fxe4 Rxf2+ 33. Kd3 Rd2+ 0-1

[Event "Andujar op"]
[Site "Andujar"]
[Date "2025.06.29"]
[Round "5"]
[White "Valdats, Reinis"]
[Black "Larino Nieto, David"]
[Result "0-1"]
[WhiteElo "2304"]
[BlackElo "2472"]
[PlyCount "94"]
[EventDate "2025.06.27"]
[EventType "swiss"]
[EventRounds "9"]
[EventCountry "ESP"]
[SourceTitle "CB28_2025"]
[SourceDate "2025.07.09"]
[SourceVersion "1"]
[SourceVersionDate "2025.07.09"]
[SourceQuality "1"]

1. e4 e5 2. Nf3 d6 3. d4 exd4 4. Nxd4 Nf6 5. Nc3 Nc6 6. Bc4 Be7 7. 0-0 0-0 8. h3 Ne5 9. Be2 Re8 10. f4 Ned7 11. Bf3 Bf8 12. Re1 Nc5 13. b4 Na6 14. Rb1 c5 15. bxc5 Nxc5 16. Nb3 Qc7 17. Nb5 Qb6 18. Nxc5 d5 19. Kh2 Bxc5 20. e5 Bf2 21. Re2 Ng4+ 22. Kh1 Bg3 23. Qd4 Nf2+ 24. Kg1 Qxd4 25. Nxd4 Ne4 26. Bxe4 dxe4 27. Rb3 Rd8 28. Rxe4 Bf5 29. Rxg3 Bxe4 30. Bb2 Rac8 31. e6 fxe6 32. Nxe6 Rd1+ 33. Kh2 g6 34. Ng5 Rxc2 35. Nxe4 Rxb2 36. f5 Re1 37. Ng5 Rxa2 38. f6 Rf1 39. f7+ Rxf7 40. Nxf7 Kxf7 41. Rc3 Re2 42. Rc8 Re8 43. Rc7+ Re7 44. Rc8 Ke6 45. Kg3 Kd5 46. Kf4 b5 47. Rb8 Kc4 0-1

[Event "Vecindario Montalvo Memorial 17th"]
[Site "Vecindario"]
[Date "2025.04.20"]
[Round "9"]
[White "Korneev, Oleg"]
[Black "Larino Nieto, David"]
[Result "1/2-1/2"]
[WhiteElo "2466"]
[BlackElo "2448"]
[PlyCount "34"]
[EventDate "2025.04.12"]
[EventType "swiss"]
[EventRounds "9"]
[EventCountry "ESP"]
[SourceTitle "CB17_2025"]
[SourceDate "2025.04.23"]
[SourceVersion "1"]
[SourceVersionDate "2025.04.23"]
[SourceQuality "1"]

1. e4 e5 2. Nf3 Nc6 3. Bb5 Nf6 4. d3 d6 5. c3 Be7 6. Nbd2 0-0 7. h3 a6 8. Ba4 b5 9. Bb3 Na5 10. Bc2 c5 11. 0-0 Re8 12. Re1 Bf8 13. Nf1 Bb7 14. Ng3 h6 15. a4 b4 16. cxb4 cxb4 17. d4 exd4 1/2-1/2

[Event "Vecindario Montalvo Memorial 17th"]
[Site "Vecindario"]
[Date "2025.04.19"]
[Round "8"]
[White "Larino Nieto, David"]
[Black "Pap, Misa"]
[Result "1-0"]
[WhiteElo "2448"]
[BlackElo "2444"]
[PlyCount "121"]
[EventDate "2025.04.12"]
[EventType "swiss"]
[EventRounds "9"]
[EventCountry "ESP"]
[SourceTitle "CB17_2025"]
[SourceDate "2025.04.23"]
[SourceVersion "1"]
[SourceVersionDate "2025.04.23"]
[SourceQuality "1"]

1. b3 g6 2. Bb2 Nf6 3. c4 Bg7 4. Nf3 c5 5. g3 d6 6. Bg2 e5 7. d3 Nc6 8. 0-0 0-0 9. Nc3 Re8 10. h3 Rb8 11. e3 h6 12. Nd2 a6 13. Nd5 Be6 14. a3 Ne7 15. e4 Nc6 16. a4 h5 17. Nf3 Nd4 18. Nxd4 cxd4 19. a5 Nxd5 20. exd5 Bf5 21. b4 Rc8 22. Re1 h4 23. g4 Bd7 24. Bc1 f5 25. gxf5 Bxf5 26. Be4 Qd7 27. Qf3 Bxh3 28. Bxg6 Bg4 29. Qe4 Rf8 30. f4 Bh3 31. Kh2 Bf5 32. Bxf5 Qxf5 33. Ra2 exf4 34. Qf3 Rce8 35. Rg1 h3 36. Kh1 Rf6 37. Rh2 Rg6 38. Rf1 Rg3 39. Qxf4 Qxf4 40. Bxf4 Rxd3 41. Bxd6 Rf3 42. Rd1 d3 43. Rhd2 Ree3 44. Bc5 Re2 45. Rxd3 Rf4 46. d6 h2 47. d7 Bf6 48. d8Q+ Bxd8 49. Rxd8+ Kg7 50. R8d2 Rxd2 51. Rxd2 Rxc4 52. Kxh2 Kf6 53. Rd7 Ke5 54. Rxb7 Kf4 55. Rf7+ Kg4 56. Kg2 Rc2+ 57. Kf1 Rc1+ 58. Ke2 Rc2+ 59. Kd3 Rc1 60. Ke4 Re1+ 61. Kd5 1-0

[Event "Vecindario Montalvo Memorial 17th"]
[Site "Vecindario"]
[Date "2025.04.18"]
[Round "7"]
[White "Kaczur, Florian"]
[Black "Larino Nieto, David"]
[Result "1-0"]
[WhiteElo "2495"]
[BlackElo "2448"]
[PlyCount "48"]
[EventDate "2025.04.12"]
[EventType "swiss"]
[EventRounds "9"]
[EventCountry "ESP"]
[SourceTitle "CB17_2025"]
[SourceDate "2025.04.23"]
[SourceVersion "1"]
[SourceVersionDate "2025.04.23"]
[SourceQuality "1"]

1. e4 b6 2. d4 Bb7 3. Bd3 d6 4. Nc3 e5 5. Nf3 Nd7 6. Bc4 Be7 7. dxe5 dxe5 8. Ng5 Nh6 9. h4 Bb4 10. Bd2 Nc5 11. Qe2 Qe7 12. 0-0-0 0-0-0 13. Nd5 Bxd2+ 14. Rxd2 Qe8 15. Rhd1 Kb8 16. b4 Ne6 17. Nxe6 Qxe6 18. Nxc7 Rxd2 19. Rxd2 Qe7 20. Na6+ Bxa6 21. Bxa6 Qxb4 22. Rd7 Qa3+ 23. Kd1 Qc3 24. Kc1 Qa3+ 1-0

[Event "Vecindario Montalvo Memorial 17th"]
[Site "Vecindario"]
[Date "2025.04.16"]
[Round "5"]
[White "Kovchan, Alexander"]
[Black "Larino Nieto, David"]
[Result "0-1"]
[WhiteElo "2433"]
[BlackElo "2448"]
[PlyCount "38"]
[EventDate "2025.04.12"]
[EventType "swiss"]
[EventRounds "9"]
[EventCountry "ESP"]
[SourceTitle "CB17_2025"]
[SourceDate "2025.04.23"]
[SourceVersion "1"]
[SourceVersionDate "2025.04.23"]
[SourceQuality "1"]

1. e4 c6 2. d4 g6 3. Nc3 d5 4. e5 Nh6 5. Bf4 f6 6. Qe2 Nf5 7. 0-0-0 fxe5 8. dxe5 Qa5 9. e6 d4 10. g4 dxc3 11. gxf5 Qb4 12. bxc3 Qxf4+ 13. Kb1 Bg7 14. fxg6 hxg6 15. Rd3 Na6 16. Nh3 Qf6 17. Re3 Nc7 18. Bg2 Bxe6 19. Re1 0-0-0 0-1

[Event "Vecindario Montalvo Memorial 17th"]
[Site "Vecindario"]
[Date "2025.04.15"]
[Round "4"]
[White "Larino Nieto, David"]
[Black "Fiorito, Joaquin"]
[Result "1-0"]
[WhiteElo "2448"]
[BlackElo "2402"]
[PlyCount "57"]
[EventDate "2025.04.12"]
[EventType "swiss"]
[EventRounds "9"]
[EventCountry "ESP"]
[SourceTitle "CB17_2025"]
[SourceDate "2025.04.23"]
[SourceVersion "1"]
[SourceVersionDate "2025.04.23"]
[SourceQuality "1"]

1. c4 Nf6 2. Nc3 g6 3. g3 Bg7 4. Bg2 0-0 5. e4 d6 6. Nge2 c5 7. h3 Nc6 8. d3 a6 9. 0-0 Rb8 10. a4 Ne8 11. Be3 Nc7 12. d4 cxd4 13. Nxd4 Nxd4 14. Bxd4 Bxd4 15. Qxd4 b5 16. cxb5 axb5 17. a5 e5 18. Qd2 b4 19. Nd5 Nxd5 20. exd5 Bb7 21. Rfc1 Ba8 22. a6 Qb6 23. a7 Rbc8 24. Rc6 Bxc6 25. dxc6 Ra8 26. Qxd6 Rfd8 27. Qd7 Qc5 28. Qb7 e4 29. c7 1-0

[Event "Titled Tuesday intern op 07th Jan Early"]
[Site "Chess.com INT"]
[Date "2025.01.07"]
[Round "3"]
[White "Larino Nieto, David"]
[Black "Ganichev, Alexander"]
[Result "1/2-1/2"]
[WhiteElo "2448"]
[BlackElo "2241"]
[PlyCount "76"]
[EventDate "2025.01.07"]
[EventType "swiss (blitz)"]
[EventRounds "11"]
[EventCountry "USA"]
[SourceTitle "CB03_2025"]
[SourceDate "2025.01.15"]
[SourceVersion "1"]
[SourceVersionDate "2025.01.15"]
[SourceQuality "1"]

1. e4 c5 2. Nc3 e6 3. g3 d5 4. exd5 exd5 5. Bg2 Nf6 6. d3 d4 7. Qe2+ Be7 8. Ne4 Nxe4 9. Bxe4 Nd7 10. Bg2 Nf6 11. Nf3 0-0 12. 0-0 Re8 13. Bg5 h6 14. Bxf6 Bxf6 15. Qd2 Be6 16. b3 Bd5 17. Rae1 Qd6 18. Rxe8+ Rxe8 19. Re1 Rxe1+ 20. Nxe1 b6 21. Bxd5 Qxd5 22. Qe2 Kf8 23. a4 a6 24. f3 g6 25. Qe4 Qxe4 26. fxe4 Ke7 27. Nf3 Ke6 28. g4 h5 29. gxh5 gxh5 30. Kg2 Be7 31. Kg3 f5 32. Kf4 Bd6+ 33. e5 Be7 34. h3 Bd8 35. Nd2 Bc7 36. Nf3 Bd8 37. Kg3 Be7 38. Kf4 Bd8 1/2-1/2

[Event "Vega de San Mateo op 2nd"]
[Site "Vega de San Mateo"]
[Date "2024.12.06"]
[Round "8"]
[White "Larino Nieto, David"]
[Black "Hernando Rodrigo, Jose Maria"]
[Result "1/2-1/2"]
[WhiteElo "2447"]
[BlackElo "2237"]
[PlyCount "109"]
[EventDate "2024.11.30"]
[EventType "swiss"]
[EventRounds "9"]
[EventCountry "ESP"]
[SourceTitle "CB50_2024"]
[SourceDate "2024.11.01"]
[SourceVersion "1"]
[SourceVersionDate "2024.11.01"]
[SourceQuality "2"]

1. Nf3 Nf6 2. b3 g6 3. Bb2 Bg7 4. e4 d6 5. Qe2 0-0 6. d4 e5 7. dxe5 Ng4 8. Nc3 Nc6 9. exd6 Qxd6 10. h3 Nge5 11. Nxe5 Bxe5 12. Rd1 Qb4 13. Qd2 Be6 14. Bd3 Qe7 15. 0-0 Bd4 16. Ba1 Rad8 17. Ne2 Bxa1 18. Rxa1 Rd6 19. Qc3 Rfd8 20. f4 f6 21. Rae1 Bf7 22. Ng3 Nd4 23. Qb4 a5 24. Qxa5 Rc6 25. Rc1 b6 26. Qe1 Qa3 27. e5 f5 28. Ne2 Qxa2 29. Nxd4 Rxd4 30. Ra1 Qb2 31. Qh4 Rd7 32. Kh1 Bd5 33. Ra8+ Kg7 34. Rd8 Bxg2+ 35. Kxg2 Rxd3 36. Qe7+ Kh6 37. Rf2 Rxd8 38. Qg5+ Kg7 39. Qxd8 Rxc2 40. Qxc7+ Rxc7 41. Rxb2 Rc3 42. h4 Kf7 43. Rd2 Ke7 44. Rd6 Rxb3 45. h5 Rb4 46. Kg3 g5 47. fxg5 Rg4+ 48. Kf3 Rxg5 49. h6 Rg4 50. Rxb6 Re4 51. Rb7+ Ke6 52. Rxh7 Kxe5 53. Rh8 Kf6 54. h7 Kg7 55. Rf8 1/2-1/2

[Event "Vega de San Mateo op 2nd"]
[Site "Vega de San Mateo"]
[Date "2024.12.03"]
[Round "5"]
[White "Gomez Ledo, Roberto Carlos"]
[Black "Larino Nieto, David"]
[Result "1-0"]
[WhiteElo "2396"]
[BlackElo "2447"]
[PlyCount "93"]
[EventDate "2024.11.30"]
[EventType "swiss"]
[EventRounds "9"]
[EventCountry "ESP"]
[SourceTitle "CB50_2024"]
[SourceDate "2024.11.01"]
[SourceVersion "1"]
[SourceVersionDate "2024.11.01"]
[SourceQuality "2"]

1. d4 d6 2. Nf3 Nd7 3. e4 e6 4. c4 h6 5. Nc3 g5 6. Be3 Ne7 7. h4 g4 8. Nd2 Rg8 9. Bd3 c5 10. Nb3 Nc6 11. d5 Nce5 12. Qe2 Nxd3+ 13. Qxd3 Ne5 14. Qe2 Bd7 15. 0-0-0 a6 16. Bf4 Qf6 17. Bg3 h5 18. Kb1 b6 19. Rd2 0-0-0 20. Rhd1 Be8 21. Nc1 Bh6 22. Rc2 Ng6 23. dxe6 Qxe6 24. Nd5 Kb7 25. Rd3 Ba4 26. Rcc3 Bg7 27. Ra3 Qe8 28. Rdb3 Bxb3 29. Rxb3 Ka7 30. Rxb6 Rb8 31. Bxd6 Rxb6 32. Bxc5 f5 33. Bxb6+ Kb7 34. f3 gxf3 35. gxf3 fxe4 36. Nb3 Rf8 37. Na5+ Kc8 38. Qe3 Kd7 39. Qc5 Qc8 40. Nc7 Ne7 41. fxe4 Rf1+ 42. Kc2 Qf8 43. Nd5 Ke6 44. Nxe7 Qxe7 45. Qd5+ Kf6 46. Bd8 Rf2+ 47. Kd1 1-0

[Event "Vega de San Mateo op 2nd"]
[Site "Vega de San Mateo"]
[Date "2024.12.02"]
[Round "4"]
[White "Larino Nieto, David"]
[Black "Sanchez Gonzalez, Diego"]
[Result "1-0"]
[WhiteElo "2447"]
[BlackElo "1955"]
[PlyCount "135"]
[EventDate "2024.11.30"]
[EventType "swiss"]
[EventRounds "9"]
[EventCountry "ESP"]
[SourceTitle "CB50_2024"]
[SourceDate "2024.11.01"]
[SourceVersion "1"]
[SourceVersionDate "2024.11.01"]
[SourceQuality "2"]

1. Nh3 d5 2. g3 e5 3. Bg2 Nf6 4. d4 e4 5. c4 c6 6. Nc3 dxc4 7. 0-0 h6 8. Qa4 b5 9. Qc2 Be7 10. a4 Bf5 11. g4 Bxg4 12. Nxe4 Qd7 13. Nxf6+ Bxf6 14. Qe4+ Kf8 15. Nf4 g5 16. axb5 gxf4 17. Bxf4 Qxd4 18. Qxd4 Bxd4 19. bxc6 Nxc6 20. Bxc6 Rc8 21. Bb7 Rd8 22. Ra6 Bxb2 23. Rb1 c3 24. f3 Bf5 25. e4 Be6 26. Kf2 Ke7 27. Bc6 Bc4 28. Rxa7+ Ke6 29. Rb7 Ba2 30. Rg1 Ba3 31. Be3 Rb8 32. Ra1 Rxb7 33. Bxb7 c2 34. Bd5+ Ke7 35. Bxa2 Rc8 36. Bd5 c1Q 37. Bxc1 Bxc1 38. Ra7+ Kd6 39. Rxf7 Ke5 40. Rf5+ Kd4 41. Bb3 Rc7 42. Rd5+ Kc3 43. Ba4 Bf4 44. h3 Ra7 45. Bd1 Ra2+ 46. Be2 Bg5 47. Rd3+ Kb4 48. e5 Ra5 49. Rd4+ Kc5 50. Re4 Kd5 51. Bc4+ Kc6 52. Kg3 Kd7 53. f4 Bd8 54. Kg4 Ra3 55. f5 h5+ 56. Kxh5 Rxh3+ 57. Kg6 Ke8 58. f6 Rf3 59. Bb5+ Kf8 60. Rh4 Bxf6 61. exf6 Rg3+ 62. Kf5 Rf3+ 63. Ke5 Re3+ 64. Re4 Rb3 65. Bc4 Ra3 66. Rg4 Re3+ 67. Kd6 Re6+ 68. Kxe6 1-0

[Event "Vega de San Mateo op 2nd"]
[Site "Vega de San Mateo"]
[Date "2024.12.01"]
[Round "3"]
[White "Quintana Marrero, Pedro Jesus"]
[Black "Larino Nieto, David"]
[Result "0-1"]
[WhiteElo "1912"]
[BlackElo "2447"]
[PlyCount "34"]
[EventDate "2024.11.30"]
[EventType "swiss"]
[EventRounds "9"]
[EventCountry "ESP"]
[SourceTitle "CB50_2024"]
[SourceDate "2024.11.01"]
[SourceVersion "1"]
[SourceVersionDate "2024.11.01"]
[SourceQuality "2"]

1. e4 d5 2. exd5 Qxd5 3. Nc3 Qa5 4. b4 Qf5 5. Nf3 Nf6 6. Bd3 Qe6+ 7. Be2 Nc6 8. 0-0 Nxb4 9. Re1 Qf5 10. Nd4 Qf4 11. Ncb5 c6 12. d3 Qb8 13. g3 e5 14. Bf3 cxb5 15. Bf4 Bd6 16. Nxb5 0-0 17. Nxd6 exf4 0-1

[Event "Colonia de Sant Jordi GM 3rd"]
[Site "Colonia de Sant Jordi"]
[Date "2024.10.24"]
[Round "7"]
[White "Larino Nieto, David"]
[Black "Grieve, Harry"]
[Result "0-1"]
[WhiteElo "2420"]
[BlackElo "2456"]
[PlyCount "138"]
[EventDate "2024.10.18"]
[EventType "tourn"]
[EventRounds "9"]
[EventCountry "ESP"]
[EventCategory "7"]
[SourceTitle "CB44_2024"]
[Source "Chessbase"]
[SourceDate "2024.10.30"]
[SourceVersion "1"]
[SourceVersionDate "2024.10.30"]
[SourceQuality "1"]

1. e4 c5 2. Nc3 e6 3. g3 d5 4. exd5 exd5 5. Bg2 Nf6 6. d3 h6 7. Nge2 d4 8. Ne4 Nxe4 9. Bxe4 Bd6 10. Bf4 a5 11. 0-0 0-0 12. Re1 Re8 13. Bxd6 Qxd6 14. Nf4 Nd7 15. Qf3 Ne5 16. Qg2 Rb8 17. a4 b6 18. b3 Kf8 19. h3 Bd7 20. Re2 f5 21. Bd5 g5 22. Nh5 Nxd3 23. Rxe8+ Bxe8 24. Qf3 Bxh5 25. Qxh5 Ne5 26. Bg2 Re8 27. Kh1 Qg6 28. Qe2 g4 29. h4 f4 30. Qd2 Qf6 31. Re1 fxg3 32. fxg3 Nf3 33. Rxe8+ Kxe8 34. Qe2+ Kf8 35. Qe4 h5 36. Qd5 Ne5 37. Qa8+ Kg7 38. Qb7+ Kh6 39. Be4 Qf1+ 40. Kh2 Qh3+ 41. Kg1 Qxg3+ 42. Kf1 Qf4+ 43. Ke2 Nf7 44. Qxb6+ Kg7 45. Qg6+ Kf8 46. Qc6 Nd6 47. Bd5 Qe5+ 48. Kf1 Qf4+ 49. Ke2 g3 50. Qxc5 Qe5+ 51. Kf1 Qf4+ 52. Ke2 Kg7 53. Qc7+ Kf6 54. Qd8+ Ke5 55. Bc6 Qe3+ 56. Kd1 Qg1+ 57. Ke2 Qf2+ 58. Kd1 Qf1+ 59. Kd2 Ne4+ 60. Bxe4 Qf4+ 61. Kd1 Qf1+ 62. Kd2 Qf2+ 63. Kd1 Kxe4 64. Qe7+ Kf3 65. Qb7+ Kf4 66. Qg7 g2 67. Qg5+ Kf3 68. Qxh5+ Kg3 69. Qe5+ Qf4 0-1

[Event "Colonia de Sant Jordi GM 3rd"]
[Site "Colonia de Sant Jordi"]
[Date "2024.10.19"]
[Round "2"]
[White "Larino Nieto, David"]
[Black "Gretarsson, Helgi Ass"]
[Result "1-0"]
[WhiteElo "2420"]
[BlackElo "2452"]
[PlyCount "77"]
[EventDate "2024.10.18"]
[EventType "tourn"]
[EventRounds "9"]
[EventCountry "ESP"]
[EventCategory "7"]
[SourceTitle "CB44_2024"]
[Source "Chessbase"]
[SourceDate "2024.10.30"]
[SourceVersion "1"]
[SourceVersionDate "2024.10.30"]
[SourceQuality "1"]

1. e4 e5 2. Nc3 Nc6 3. Bc4 Nf6 4. d3 Bb4 5. Nge2 d5 6. exd5 Nxd5 7. 0-0 Be6 8. Ne4 Be7 9. f4 exf4 10. Bxd5 Bxd5 11. Bxf4 Bxe4 12. dxe4 Bf6 13. Qe1 Qe7 14. Nc3 Qc5+ 15. Be3 Bd4 16. Bxd4 Qxd4+ 17. Kh1 0-0 18. Rd1 Qb4 19. Rd7 Qxb2 20. Rxc7 Rac8 21. Rxc8 Rxc8 22. h3 Qxc2 23. Nd5 Rf8 24. Qg3 f5 25. e5 f4 26. Qg4 Qg6 27. Qe2 Qf7 28. e6 Qf5 29. e7 Re8 30. Qc4 Ne5 31. Nf6+ Kh8 32. Nxe8 Nxc4 33. Nxg7 Kxg7 34. e8Q Ne5 35. Qe7+ Kg6 36. Re1 Nd7 37. Qe8+ Kh6 38. Re6+ Nf6 39. Qf7 1-0

[Event "La Nucia op 5th"]
[Site "La Nucia"]
[Date "2024.10.12"]
[Round "7"]
[White "Larino Nieto, David"]
[Black "Ilinca Ilinca, Felix Antonio"]
[Result "1-0"]
[WhiteElo "2364"]
[BlackElo "2415"]
[PlyCount "103"]
[EventDate "2024.10.07"]
[EventType "swiss"]
[EventRounds "9"]
[EventCountry "ESP"]
[SourceTitle "CB44_2024"]
[Source "Chessbase"]
[SourceDate "2024.10.30"]
[SourceVersion "1"]
[SourceVersionDate "2024.10.30"]
[SourceQuality "1"]

1. c4 e6 2. Nf3 d5 3. e3 Nf6 4. Nc3 c5 5. cxd5 exd5 6. d4 Nc6 7. Bb5 Bd6 8. dxc5 Bxc5 9. Nd4 Qd6 10. Nxc6 bxc6 11. Be2 h5 12. Na4 Bb4+ 13. Bd2 Ne4 14. Bxb4 Qxb4+ 15. Kf1 Rb8 16. b3 h4 17. f3 Nd6 18. Qe1 Qb7 19. Rc1 Nf5 20. Bd3 Rh6 21. Qc3 Kf8 22. Qe5 Nd6 23. Kf2 h3 24. g4 Qb4 25. Qc3 Qa3 26. Rc2 Rb4 27. Nc5 Nb7 28. g5 Rd6 29. Ba6 Rd8 30. Nxb7 Rxb7 31. Bxb7 Bxb7 32. Qc5+ Qxc5 33. Rxc5 Ke7 34. Rd1 Kd6 35. b4 Bc8 36. Ra5 Rd7 37. a3 Rc7 38. e4 Be6 39. f4 g6 40. Rc5 Rb7 41. exd5 Bxd5 42. Rc3 a5 43. Rd4 axb4 44. axb4 Ke6 45. Re3+ Kf5 46. Kg3 f6 47. gxf6 Kxf6 48. Kxh3 Rb8 49. Kg3 Rb7 50. Rc3 Ke6 51. h4 Ra7 52. b5 1-0

[Event "La Nucia op 5th"]
[Site "La Nucia"]
[Date "2024.10.10"]
[Round "6"]
[White "Basso, Pier Luigi"]
[Black "Larino Nieto, David"]
[Result "0-1"]
[WhiteElo "2482"]
[BlackElo "2364"]
[PlyCount "110"]
[EventDate "2024.10.07"]
[EventType "swiss"]
[EventRounds "9"]
[EventCountry "ESP"]
[SourceTitle "CB44_2024"]
[Source "Chessbase"]
[SourceDate "2024.10.30"]
[SourceVersion "1"]
[SourceVersionDate "2024.10.30"]
[SourceQuality "1"]

1. e4 b6 2. d4 Bb7 3. Bd3 d6 4. Nf3 Nd7 5. Qe2 e5 6. 0-0 Ngf6 7. Rd1 a6 8. c3 Qe7 9. Nbd2 g6 10. a4 Bg7 11. a5 b5 12. d5 c5 13. c4 b4 14. Nf1 Nh5 15. Bg5 f6 16. Be3 0-0 17. Ng3 Nf4 18. Qd2 Nxd3 19. Qxd3 Rf7 20. Qc2 Kh8 21. Rf1 Rg8 22. Nd2 Bc8 23. Rae1 Qd8 24. Ra1 Qf8 25. f4 f5 26. exf5 gxf5 27. fxe5 Nxe5 28. Bf4 Ng6 29. Nh5 Nxf4 30. Nxf4 Bd4+ 31. Kh1 Qh6 32. Rf3 Rfg7 33. Raf1 Rg4 34. Nb3 Be5 35. Qf2 Qg5 36. g3 h5 37. Ne6 Bxe6 38. dxe6 f4 39. gxf4 Rxf4 40. e7 Rxf3 41. Qxf3 Qxe7 42. Qxh5+ Qh7 43. Qxh7+ Kxh7 44. Rf7+ Rg7 45. Rf2 Rg4 46. Rf7+ Kg6 47. Ra7 Rxc4 48. Rxa6 Rc2 49. Ra8 Rxb2 50. a6 Rxb3 51. a7 Ra3 52. Rg8+ Kf5 53. a8Q Rxa8 54. Rxa8 b3 55. Rb8 b2 0-1

[Event "La Nucia op 5th"]
[Site "La Nucia"]
[Date "2024.10.09"]
[Round "3"]
[White "Campora, Daniel Hugo"]
[Black "Larino Nieto, David"]
[Result "0-1"]
[WhiteElo "2360"]
[BlackElo "2364"]
[PlyCount "100"]
[EventDate "2024.10.07"]
[EventType "swiss"]
[EventRounds "9"]
[EventCountry "ESP"]
[SourceTitle "CB44_2024"]
[Source "Chessbase"]
[SourceDate "2024.10.30"]
[SourceVersion "1"]
[SourceVersionDate "2024.10.30"]
[SourceQuality "1"]

1. e4 d6 2. d4 Nd7 3. Nc3 a6 4. g3 b5 5. Bg2 Bb7 6. Nge2 e6 7. 0-0 h5 8. d5 e5 9. a4 b4 10. Na2 a5 11. c3 bxc3 12. Nexc3 Ba6 13. Nb5 h4 14. Be3 Ngf6 15. b4 Bxb5 16. axb5 a4 17. Nc3 a3 18. Qe2 hxg3 19. fxg3 Nb6 20. h4 Qd7 21. Bc1 Nh5 22. Kh2 g6 23. Bh3 Qe7 24. Qd3 Bh6 25. Bxh6 Rxh6 26. Qe3 Rh7 27. Rf2 Kf8 28. Raf1 Kg7 29. Kg1 Rah8 30. Rf3 Kg8 31. Qf2 Rg7 32. Kh2 Rhh7 33. Nd1 Kh8 34. Ne3 Qe8 35. Qe2 Qa8 36. Nc2 a2 37. Ra3 Qd8 38. Bg4 Nf6 39. Kg2 Ng8 40. Ne3 Nh6 41. Qxa2 f5 42. Be2 Rg8 43. Nc4 fxe4 44. Nd2 Nf5 45. Nxe4 Nxh4+ 46. Kg1 Nf5 47. Qd2 Qf8 48. Ng5 Qh6 49. Kf2 Nxd5 50. Ke1 Nde3 0-1

[Event "Madrid-B"]
[Site "Madrid"]
[Date "2024.06.13"]
[Round "6"]
[White "Oro, Faustino"]
[Black "Larino Nieto, David"]
[Result "1-0"]
[WhiteElo "2351"]
[BlackElo "2388"]
[PlyCount "47"]
[EventDate "2024.06.10"]
[EventType "tourn"]
[EventRounds "9"]
[EventCountry "ESP"]
[EventCategory "6"]
[SourceTitle "CBM 220 Extra"]
[Source "ChessBase"]
[SourceDate "2024.07.31"]
[SourceVersion "1"]
[SourceVersionDate "2024.07.31"]
[SourceQuality "1"]

1. e4 d5 2. exd5 Qxd5 3. Nc3 Qa5 4. d4 Nf6 5. Nf3 Nc6 6. Bd2 a6 7. Bc4 Qf5 8. 0-0 b5 9. Bd3 Qh5 10. Ne4 Qd5 11. Re1 Bf5 12. Nc3 Qd7 13. Ne5 Nxe5 14. dxe5 Bxd3 15. cxd3 Nd5 16. e6 fxe6 17. Ne4 g6 18. Nc5 Qd6 19. Nxe6 Rg8 20. Qf3 c6 21. Rac1 Bg7 22. Rc5 Be5 23. Qh3 Kd7 24. Nd4+ 1-0

[Event "Madrid-B"]
[Site "Madrid"]
[Date "2024.06.12"]
[Round "4"]
[White "Rosen, Eric S"]
[Black "Larino Nieto, David"]
[Result "1-0"]
[WhiteElo "2361"]
[BlackElo "2388"]
[PlyCount "95"]
[EventDate "2024.06.10"]
[EventType "tourn"]
[EventRounds "9"]
[EventCountry "ESP"]
[EventCategory "6"]
[SourceTitle "CBM 220 Extra"]
[Source "ChessBase"]
[SourceDate "2024.07.31"]
[SourceVersion "1"]
[SourceVersionDate "2024.07.31"]
[SourceQuality "1"]

1. e4 e5 2. Nf3 d6 3. d4 exd4 4. Nxd4 Nf6 5. Nc3 Be7 6. Bf4 0-0 7. Qd2 Nc6 8. 0-0-0 Nxd4 9. Qxd4 Be6 10. f3 Nd7 11. Kb1 Bf6 12. Qd2 b5 13. Bxb5 Rb8 14. Bxd7 Bxd7 15. b3 Be6 16. Nd5 Bxd5 17. Qxd5 Qe8 18. Be3 Qa4 19. Bd4 c6 20. Qxd6 Rfd8 21. Qc7 Bxd4 22. Qxd8+ Rxd8 23. bxa4 Rb8+ 24. Kc1 Be3+ 25. Rd2 Rb4 26. Rhd1 Kf8 27. c3 Rxa4 28. Kb2 Bxd2 29. Rxd2 Ke7 30. Kb3 Ra5 31. c4 h5 32. Kb4 Rg5 33. h4 a5+ 34. Kc3 Rg3 35. Kd4 g5 36. Kc5 gxh4 37. Kxc6 h3 38. gxh3 Rxf3 39. c5 Rxh3 40. Kb7 Rc3 41. c6 Rc4 42. c7 Rb4+ 43. Ka6 Rc4 44. Kb6 Rb4+ 45. Kxa5 Rc4 46. Kb6 Rb4+ 47. Kc5 Rb1 48. Rd8 1-0

[Event "Madrid-B"]
[Site "Madrid"]
[Date "2024.06.11"]
[Round "3"]
[White "Alvarez Pedraza, Aramis"]
[Black "Larino Nieto, David"]
[Result "1/2-1/2"]
[WhiteElo "2452"]
[BlackElo "2388"]
[PlyCount "47"]
[EventDate "2024.06.10"]
[EventType "tourn"]
[EventRounds "9"]
[EventCountry "ESP"]
[EventCategory "6"]
[SourceTitle "CBM 220 Extra"]
[Source "ChessBase"]
[SourceDate "2024.07.31"]
[SourceVersion "1"]
[SourceVersionDate "2024.07.31"]
[SourceQuality "1"]

1. d4 d5 2. c4 c6 3. cxd5 cxd5 4. Nf3 Nc6 5. Nc3 Nf6 6. Bf4 Bf5 7. e3 e6 8. Bd3 Bxd3 9. Qxd3 Bd6 10. Bxd6 Qxd6 11. 0-0 0-0 12. Rfc1 Rfc8 13. h3 Nb4 14. Qe2 Nc6 15. Nd2 h6 16. Nb3 Nd7 17. f4 Nb6 18. Nc5 Qe7 19. b3 Rc7 20. Nb5 Rcc8 21. Nc3 Rc7 22. Nb5 Rcc8 23. Nc3 Rc7 24. Nb5 1/2-1/2

[Event "Titled Tuesday intern op 11th Jun Late"]
[Site "Chess.com INT"]
[Date "2024.06.11"]
[Round "3"]
[White "Larino Nieto, David"]
[Black "Colville, Julian"]
[Result "1-0"]
[WhiteElo "2388"]
[BlackElo "2067"]
[PlyCount "69"]
[EventDate "2024.06.11"]
[EventType "swiss (blitz)"]
[EventRounds "11"]
[EventCountry "USA"]
[SourceTitle "EXT 2025"]
[Source "ChessBase"]
[SourceDate "2024.10.14"]
[SourceVersion "1"]
[SourceVersionDate "2024.10.14"]
[SourceQuality "1"]

1. a3 a6 2. b3 b6 3. c3 c6 4. d3 d6 5. e3 e6 6. f3 f6 7. g3 g6 8. f4 f5 9. Ra2 Ra7 10. e4 e5 11. Nf3 fxe4 12. dxe4 Rd7 13. Bh3 Re7 14. Bxc8 Qxc8 15. 0-0 exf4 16. Bxf4 Rxe4 17. Bxd6 Nd7 18. Ng5 Bxd6 19. Qxd6 Re7 20. Raf2 Nh6 21. Nd2 Rf8 22. Rxf8+ Nxf8 23. Nde4 Nd7 24. g4 c5 25. Qd5 Qb8 26. Nd6+ Kd8 27. Ne6+ Rxe6 28. Qxe6 Kc7 29. Ne8+ Kd8 30. Rd1 Qc8 31. Qf6+ Kxe8 32. Re1+ Ne5 33. Rxe5+ Kd7 34. Re7+ Kd8 35. Qf8# 1-0